000 00751nam a2200241 a 4500
001 000023480
003 DO-SdBNP
005 20240705073646.0
008 101209s1970 sp r 000 0 spa d
040 _aDO-SdBNP
_bspa
_cBNPHU
049 _aBNGR
082 _aPR863.2
_bH831p
100 1 _aHostos, Eugenio María de,
_d1839-1903
_91352
245 1 3 _aLa peregrinación de Bayoán /
_cEugenio María de Hostos.
260 _aSan Juan :
_bInstituto de Cultura Puertorriqueña,
_c1970.
300 _a319 p. ;
_c18 cm.
490 1 _aBiblioteca Popular
500 _aIncluye nota al pie de página
650 4 _aNovela puertorriqueña
_91185
650 4 _aLiteratura puertorriqueña
_9250
830 0 _aBiblioteca Popular
_95517
942 _2ddc
_cLBS1
999 _c22976
_d22976